=LDR 00000nam 2200000 4500 =001 INLIS000000000810574 =005 20260609095854 =035 ##$$a 0010-0626000011 =007 ta =008 260609################g##########0#ind## =020 ##$$a 9786349674850 =082 ##$$a 303.34 =084 ##$$a 303.34 MAD m =100 #$$a Made Bhela Sanji Buana ( Pengarang ) =245 1#$$a Menjadi Pemimpin : $b Perjalanan Bertumbuh dan Menemukan Makna =250 ##$$a Cet. 1 =260 ##$$a Yogyakarta :$b Buku Mojo Group,$c 2026 =300 ##$$a xl +277 hlm : $b ilustrasi ; $c 13 x 19 cm =500 ##$$a 303.34 =700 #$$a Artie Ahmad ( Penyunting ) =600 #4$$a Kepemimpinan, Pengembangan Diri, Psikologi